La "desamortización" de la inspección de trabajo y seguridad social (Registro nro. 48363)
[ vista simple ]
| 000 -CABECERA | |
|---|---|
| Longitud fija campo de control | 01361naa a2200349 c 4500 |
| 001 - NÚMERO DE CONTROL | |
| Número de control | 48363 |
| 003 - IDENTIFICADOR DE NÚMERO DE CONTROL | |
| Identificador del número de control | ES-MaCES |
| 005 - FECHA Y HORA DE LA ÚLTIMA TRANSACCIÓN | |
| Fecha y hora de la última transacción | 20161018131513.0 |
| 008 - CAMPO FIJO DE DESCRIPCIÓN FIJA--INFORMACIÓN GENERAL | |
| Códigos de información de longitud fija | 161018s2016 sp ||||| t||||||| ||spa d |
| 040 ## - FUENTE DE CATALOGACIÓN | |
| Centro catalogador de origen | ES-MaCES |
| Lengua de catalogación | spa |
| Centro transcriptor | ES-MaCES |
| Centro modificado | ES-MaCES |
| 100 1# - ENCABEZAMIENTO PRINCIPAL--NOMBRE PERSONAL | |
| 9 (RLIN) | 37414 |
| Nombre de persona | Boró Herrera, Fernando |
| 245 13 - MENCIÓN DE TÍTULO | |
| Título | La "desamortización" de la inspección de trabajo y seguridad social |
| Resto del título | : La ITSS española : 1998-2016 |
| Mención de responsabilidad, etc. | Fernando Boró Herrera |
| 500 ## - NOTA GENERAL | |
| Nota general | Resumen |
| 504 ## - NOTA DE BIBLIOGRAFÍA, ETC. | |
| Nota de bibliografía, etc. | Bibliografía: p. 225-226 |
| 650 #4 - ASIENTO SECUNDARIO DE MATERIA--TÉRMINO DE MATERIA | |
| 9 (RLIN) | 28213 |
| Término de materia o nombre geográfico como elemento inicial | inspección del trabajo |
| 650 #4 - ASIENTO SECUNDARIO DE MATERIA--TÉRMINO DE MATERIA | |
| 9 (RLIN) | 27024 |
| Término de materia o nombre geográfico como elemento inicial | asignación de recursos |
| 650 #4 - ASIENTO SECUNDARIO DE MATERIA--TÉRMINO DE MATERIA | |
| 9 (RLIN) | 28291 |
| Término de materia o nombre geográfico como elemento inicial | recursos humanos |
| 650 #4 - ASIENTO SECUNDARIO DE MATERIA--TÉRMINO DE MATERIA | |
| 9 (RLIN) | 27229 |
| Término de materia o nombre geográfico como elemento inicial | empleado de servicio público |
| 650 #4 - ASIENTO SECUNDARIO DE MATERIA--TÉRMINO DE MATERIA | |
| 9 (RLIN) | 27224 |
| Término de materia o nombre geográfico como elemento inicial | funcionario |
| 650 #4 - ASIENTO SECUNDARIO DE MATERIA--TÉRMINO DE MATERIA | |
| 9 (RLIN) | 28276 |
| Término de materia o nombre geográfico como elemento inicial | presupuesto |
| 650 #4 - ASIENTO SECUNDARIO DE MATERIA--TÉRMINO DE MATERIA | |
| 9 (RLIN) | 28125 |
| Término de materia o nombre geográfico como elemento inicial | financiación |
| 650 #4 - ASIENTO SECUNDARIO DE MATERIA--TÉRMINO DE MATERIA | |
| 9 (RLIN) | 30264 |
| Término de materia o nombre geográfico como elemento inicial | administración de la seguridad social |
| 650 #4 - ASIENTO SECUNDARIO DE MATERIA--TÉRMINO DE MATERIA | |
| 9 (RLIN) | 27166 |
| Término de materia o nombre geográfico como elemento inicial | legislación del trabajo |
| 650 #4 - ASIENTO SECUNDARIO DE MATERIA--TÉRMINO DE MATERIA | |
| 9 (RLIN) | 29026 |
| Término de materia o nombre geográfico como elemento inicial | Convenio de la OIT |
| 650 #4 - ASIENTO SECUNDARIO DE MATERIA--TÉRMINO DE MATERIA | |
| 9 (RLIN) | 30609 |
| Término de materia o nombre geográfico como elemento inicial | norma internacional del trabajo |
| 650 #4 - ASIENTO SECUNDARIO DE MATERIA--TÉRMINO DE MATERIA | |
| 9 (RLIN) | 26964 |
| Término de materia o nombre geográfico como elemento inicial | España |
| 650 14 - ASIENTO SECUNDARIO DE MATERIA--TÉRMINO DE MATERIA | |
| 9 (RLIN) | 37415 |
| Término de materia o nombre geográfico como elemento inicial | 1998-2016 |
| 653 10 - TÉRMINO DE INDEXACIÓN--NO CONTROLADO | |
| Término no controlado | Seguridad Social |
| 773 0# - ENTRADA DE DOCUMENTO FUENTE | |
| Itemnumber del ítem fuente | 85090 |
| Lugar, editor y fecha de publicación | Madrid (Ignacio Ellacuría, 3, 28017) Civitas |
| Otro identificador del documento | 087988 |
| Título | Nueva revista española de Derecho del trabajo |
| Número de control del registro relacionado | (ES-MaCES)25060 |
| Parte(s) relacionada(s) | n. 187 (mayo 2016) {10040 R. 087988} ;p. 209-226 |
| 902 ## - CES. TIPO DE DOCUMENTO | |
| Tipodoc (006$c Sirtex) | ART Artículo de revista |
| 942 ## - ELEMENTOS KOHA | |
| Fuente de clasificaión o esquema | Clasificación propia del CES |
| Koha [por defecto] tipo de item | Artículos (1982-2017) |
| Parte de clasificación | Seguridad social |
No hay ítems disponibles.
